Athletics Olympic Records - Statistics

General Stats
  • This quiz has been taken 89 times
  • The average score is 16 of 49
Answer Stats
Event Time (s) Nation Answer Games % Correct
Male 4×100 m Relay 36.84 JAM Nesta Carter / Michael Frater / Yohan Blake / Usain Bolt London 2012
100%
Male 100 metres 9.63 JAM Usain Bolt London 2012
100%
Male 200 metres 19.30 JAM Usain Bolt Beijing 2008
100%
Male Pole Vault 6.25 m SWE Armand Duplantis Paris 2024
67%
Male 400 metres Hurdles 45.94 NOR Karsten Warholm Tokyo 2020
60%
Male 400 metres 43.03 RSA Wayde van Niekerk Rio 2016
59%
Male 800 metres 1:40.91 KEN David Rudisha London 2012
52%
Male 1,500 metres 3:27.65 USA Cole Hocker Paris 2024
49%
Female 100 metres 10.61 JAM Elaine Thompson Herah Tokyo 2020
49%
Female 400 metres Hurdles 50.37 USA Sydney McLaughlin-Levrone Paris 2024
49%
Male Shot Put 23.30 m USA Ryan Crouser Tokyo 2020
48%
Female 200 metres 21.34 USA Florence Griffith Joyner Seoul 1988
46%
Female 1,500 metres 3:51.29 KEN Faith Kipyegon Paris 2024
43%
Male Decathlon 9018 pts CAN Damian Warner Tokyo 2020
42%
Male 10,000 metres 26:43.14 UGA Joshua Cheptegei Paris 2024
40%
Male 4×400 m Relay 2:54.43 USA Christopher Bailey / Vernon Norwood / Bryce Deadmon / Rai Benjamin Paris 2024
38%
Female Marathon 2:22:55 NED Sifan Hassan Paris 2024
38%
Female 4×100 m Relay 40.82 USA Tianna Madison / Allyson Felix / Bianca Knight / Carmelita Jeter London 2012
38%
Male 5,000 metres 12:57.82 ETH Kenenisa Bekele Beijing 2008
37%
Female 400 metres 48.17 DOM Marileidy Paulino Paris 2024
37%
Female Triple Jump 15.67 m VEN Yulimar Rojas Tokyo 2020
35%
Female 100 metres Hurdles 12.26 PUR Jasmine Camacho-Quinn Tokyo 2020
33%
Male Long Jump 8.90 m USA Bob Beamon Mexico City 1968
31%
Male Javelin Throw 92.97 m PAK Arshad Nadeem Paris 2024
30%
Female Long Jump 7.40 m USA Jackie Joyner-Kersee Seoul 1988
28%
Female Heptathlon 7291 pts USA Jackie Joyner-Kersee Seoul 1988
28%
Mixed 4×400 m Relay 3:07.41 USA Vernon Norwood / Shamier Little / Bryce Deadmon / Kaylyn Brown Paris 2024
28%
Male Discus Throw 70.00 m JAM Rojé Stona Paris 2024
26%
Male 110 metres Hurdles 12.91 CHN Liu Xiang Athens 2004
22%
Male Marathon 2:06:26 ETH Tamirat Tola Paris 2024
22%
Female 3,000 m Steeplechase 8:52.76 BHR Winfred Yavi Paris 2024
22%
Female Pole Vault 5.05 m RUS Yelena Isinbayeva Beijing 2008
21%
Male 3,000 m Steeplechase 8:03.28 KEN Conseslus Kipruto Rio 2016
20%
Female Hammer Throw 82.29 m POL Anita Włodarczyk Rio 2016
19%
Mixed Marathon Race Walk Relay 2:50:31 ESP Álvaro Martín / María Pérez Paris 2024
15%
Male Triple Jump 18.09 m USA Kenny Harrison Atlanta 1996
12%
Female 10,000 metres 29:17.45 ETH Almaz Ayana Rio 2016
10%
Male High Jump 2.39 m USA Charles Austin Atlanta 1996
10%
Male Hammer Throw 84.80 m SOV Sergey Litvinov Seoul 1988
9%
Male 50 km Walk 3:36:53 AUS Jared Tallent London 2012
7%
Female 5,000 metres 14:26.17 KEN Vivian Cheruiyot Rio 2016
7%
Male 20 km Walk 1:18:46 CHN Chen Ding London 2012
5%
Female 800 metres 1:53.43 SOV Nadezhda Olizarenko Moscow 1980
4%
Female Javelin Throw 71.53 m CUB Osleidys Menéndez Athens 2004
4%
Female 4×400 m Relay 3:15.17 SOV Tatyana Ledovskaya / Olga Nazarova / Mariya Pinigina / Olga Bryzgina Seoul 1988
4%
Female High Jump 2.06 m RUS Yelena Slesarenko Athens 2004
4%
Female Shot Put 22.41 m GDR Ilona Slupianek Moscow 1980
2%
Female Discus Throw 72.30 m GDR Martina Hellmann Seoul 1988
2%
Female 20 km Walk 1:25:16 CHN Qieyang Shijie London 2012
2%
No matching quizzes found
Score Distribution
Percent of People with Each Score
Percentile by Number Answered
Your Score History
You have not taken this quiz